[Event "Superettan(Lundby-Farsta)"]
[Site "?"]
[Date "2007.10.21"]
[Round "2"]
[White "Nuoristo, Peter"]
[Black "Jaderberg, Bjorn"]
[Result "1/2-1/2"]
[WhiteElo "2214"]
[BlackElo "2246"]
[PlyCount "74"]

1. d4 Nf6 2. Bf4 e6 3. e3 b6 4. Nf3 Bb7 5. Bd3 Be7 6. h3 c5 7. Nbd2 Nc6 8. c3
O-O 9. O-O d6 10. Qe2 Rc8 11. Rfe1 Qc7 12. dxc5 bxc5 13. e4 Rcd8 14. Nc4 Ba8
15. e5 Nxe5 16. Nfxe5 dxe5 17. Bxe5 Qc6 18. f3 Rfe8 19. Rad1 g6 20. Bxf6 Bxf6
21. Be4 Qc7 22. Rxd8 Rxd8 23. Bxa8 Rxa8 24. Rd1 Rd8 25. Rxd8+ Qxd8 26. Qd2 Qd5
27. Qxd5 exd5 28. Ne3 d4 29. Nd5 Bg7 30. Kf1 dxc3 31. bxc3 f5 32. Ke2 c4 33.
Kd2 Kf7 34. Ne3 Bh6 35. Ke2 Bg7 36. Kd2 Bh6 37. Ke2 Bg7 1/2-1/2

[Event "Superettan(Lundby-Farsta)"]
[Site "?"]
[Date "2007.10.21"]
[Round "2"]
[White "Backelin, Rikard"]
[Black "Sigurgeirsson, Brjann"]
[Result "1-0"]
[WhiteElo "2390"]
[BlackElo "2189"]
[PlyCount "141"]
[EventDate "2007.??.??"]

1. e4 c5 2. Nf3 d6 3. Bb5+ Bd7 4. Bxd7+ Qxd7 5. c4 Nc6 6. O-O g6 7. d4 cxd4 8.
Nxd4 Bg7 9. Be3 Ne5 10. b3 Ng4 11. Bc1 N8f6 12. Nc3 O-O 13. f3 Ne5 14. Be3 Rfd8
15. Qd2 Ne8 16. Rfd1 Nc7 17. Rac1 Ne6 18. Nxe6 fxe6 19. Qe2 Nc6 20. c5 Bxc3 21.
Rxc3 d5 22. Rcd3 Qe8 23. exd5 Nb4 24. R3d2 Nxd5 25. Bd4 Kf7 26. Qe5 Nf6 27. Qf4
Rxd4 28. Rxd4 Qc6 29. Qe5 Rc8 30. b4 Qa4 31. Qe2 a6 32. Re1 Qc6 33. a4 a5 34.
b5 Qxc5 35. Qxe6+ Kf8 36. Qe3 Kf7 37. h3 b6 38. Kh1 Re8 39. Qe6+ Kf8 40. Rf4
Qc3 41. Qe5 Qxe5 42. Rxe5 Kg7 43. Rc4 Nd7 44. Re6 Kf7 45. Rec6 e5 46. Rc7 Ke7
47. R4c6 Rb8 48. Kg1 Kd8 49. Kf2 Ke8 50. Ke3 Ke7 51. Rc8 Rxc8 52. Rxc8 Kd6 53.
Rd8 Ke6 54. Rc8 Kd5 55. Rc6 Nc5 56. Rxb6 Nxa4 57. Rb7 Kc5 58. Rxh7 Kxb5 59. Kd3
Nc5+ 60. Kc3 Na4+ 61. Kc2 Nc5 62. Rg7 Kc4 63. Rxg6 Kd4 64. Rd6+ Kc4 65. h4 e4
66. fxe4 Nxe4 67. Re6 Ng3 68. Rg6 Nf5 69. Rg4+ Kd5 70. Rg5 Ke4 71. h5 1-0

[Event "Superettan(Lundby-Farsta)"]
[Site "?"]
[Date "2007.10.21"]
[Round "2"]
[White "Zackrisson, Mattias"]
[Black "Hedin, Gunnar"]
[Result "1/2-1/2"]
[WhiteElo "2108"]
[BlackElo "2178"]
[PlyCount "57"]

1. e4 e6 2. d3 d5 3. Nd2 Nf6 4. Ngf3 Nc6 5. g3 Bc5 6. Bg2 dxe4 7. dxe4 e5 8.
O-O O-O 9. Qe2 a5 10. Nc4 Bg4 11. c3 Qc8 12. Bg5 Be7 13. Rad1 h6 14. Bxf6 Bxf6
15. Ne3 Be6 16. Nd5 Bd8 17. Ne1 Ne7 18. Nd3 c6 19. Nxe7+ Bxe7 20. Nxe5 Qc7 21.
Qh5 Bd6 22. Nd3 Bxa2 23. e5 Be7 24. Nf4 Rfd8 25. Qf5 Bf8 26. e6 Bxe6 27. Nxe6
fxe6 28. Qxe6+ Qf7 29. Bh3 1/2-1/2

[Event "Superettan(Lundby-Farsta)"]
[Site "?"]
[Date "2007.10.21"]
[Round "2"]
[White "Iversen, Kent"]
[Black "Lehtonen, Ture"]
[Result "0-1"]
[WhiteElo "2076"]
[BlackElo "2110"]
[PlyCount "151"]
[EventDate "2007.??.??"]

1. c4 b6 2. Nc3 e6 3. Nf3 Bb7 4. e4 Bb4 5. d3 Bxc3+ 6. bxc3 Ne7 7. Be2 O-O 8.
O-O f5 9. e5 Ng6 10. d4 d6 11. Ng5 Qe8 12. f4 h6 13. Nf3 Nc6 14. Qe1 Na5 15.
Qg3 Nh8 16. Nd2 Qa4 17. Re1 Ba6 18. Bd1 Qd7 19. d5 Rae8 20. Bb3 c5 21. dxc6
Qxc6 22. Ba3 Nf7 23. Rad1 Nb7 24. exd6 Nc5 25. Qe3 Bb7 26. Nf3 Nxd6 27. Re2
Nde4 28. Ne5 Qc7 29. Bc2 Rd8 30. Ree1 Rfe8 31. Rd4 Nf6 32. h3 Nce4 33. Red1 g5
34. g3 Kh7 35. Kh2 gxf4 36. gxf4 Rg8 37. Rg1 Rxg1 38. Kxg1 Rg8+ 39. Kh2 Rg3 40.
Qe1 Qg7 41. Qf1 Nf2 42. Ng4 Rxg4 43. hxg4 N6xg4+ 44. Kg1 Ne3+ 45. Kxf2 Nxf1 46.
Ba4 Qg2+ 47. Ke1 Bc6 48. Bxc6 Qxc6 49. Kxf1 Qf3+ 50. Kg1 Qxc3 51. Rd7+ Kg6 52.
Bd6 Qxc4 53. Be5 Qxa2 54. Rg7+ Kh5 55. Rg2 Qa3 56. Kh2 a5 57. Rg3 Qa2+ 58. Rg2
Qc4 59. Kg3 Kg6 60. Kh4+ Kf7 61. Rg7+ Ke8 62. Kh5 Kd8 63. Kxh6 b5 64. Rb7 b4
65. Rb8+ Kd7 66. Rb7+ Kc6 67. Rc7+ Kd5 68. Rxc4 Kxc4 69. Kg6 a4 70. Kf6 a3 71.
Kxe6 b3 72. Kxf5 b2 73. Bxb2 axb2 74. Ke6 b1=Q 75. f5 Qe4+ 76. Kf6 0-1

[Event "Superettan(Lundby-Farsta)"]
[Site "?"]
[Date "2007.10.21"]
[Round "2"]
[White "Ingvason, Sigurgeir"]
[Black "Lindeman, Sven"]
[Result "0-1"]
[WhiteElo "2051"]
[BlackElo "2214"]
[PlyCount "80"]

1. Nf3 Nf6 2. d4 d5 3. c4 dxc4 4. Nc3 a6 5. g3 b5 6. Bg2 Bb7 7. O-O e6 8. Re1
c5 9. Bg5 cxd4 10. Qxd4 Qxd4 11. Nxd4 Bxg2 12. Bxf6 Bb7 13. Bg5 Nd7 14. e4 Bc5
15. Rad1 Ne5 16. Re3 h6 17. Bf4 Nd3 18. Rexd3 cxd3 19. Nb3 Bb4 20. f3 Rd8 21.
Kf2 f6 22. Be3 O-O 23. Nc5 Bc8 24. Nxd3 Be7 25. a3 Bb7 26. Bb6 Rc8 27. Nf4 Bxa3
28. Nxe6 Bxb2 29. Nxf8 Kxf8 30. Nd5 Rc2+ 31. Ke3 Bxd5 32. exd5 Ke7 33. Kd3 Rc3+
34. Ke4 g6 35. d6+ Kd7 36. f4 Rc6 37. Bc7 Ba3 38. h4 Bxd6 39. Bb8 Ke6 40. Bxd6
Rxd6 0-1

[Event "Superettan(Lundby-Farsta)"]
[Site "?"]
[Date "2007.10.21"]
[Round "2"]
[White "Hartzell, Ove"]
[Black "Przysuski, Feliks"]
[Result "1-0"]
[WhiteElo "1862"]
[BlackElo "2075"]
[PlyCount "79"]
[EventDate "2007.??.??"]

1. b4 e5 2. Bb2 d6 3. e3 Nf6 4. c4 Be7 5. Nc3 O-O 6. Nf3 h6 7. Qc2 c6 8. Be2
Qc7 9. O-O Ne8 10. d4 f5 11. dxe5 dxe5 12. c5 Bf6 13. e4 f4 14. Bc4+ Kh8 15.
Rfd1 Bg4 16. Rd3 Qe7 17. Qb3 Nc7 18. Rad1 Ne6 19. Ne2 Ng5 20. Rd6 Nxe4 21. Rxf6
gxf6 22. Nh4 Bh5 23. f3 Ng5 24. Rd6 Na6 25. Nf5 Qh7 26. g4 fxg3 27. Nexg3 Nh3+
28. Kf1 Bg6 29. Nh4 Bc2 30. Qe3 Rae8 31. b5 cxb5 32. Bxb5 Re7 33. Nh5 Bg6 34.
Nxf6 Qg7 35. Ng4 Ng5 36. Nxg6+ Kh7 37. Nxf8+ Qxf8 38. Bd3+ e4 39. Bxe4+ Kg8 40.
Rxh6 1-0

[Event "Superettan(Orgryte-Rockaden,Umea)"]
[Site "?"]
[Date "2007.10.21"]
[Round "2"]
[White "Forsberg, Viktor"]
[Black "Ziegler, Ari"]
[Result "0-1"]
[WhiteElo "2312"]
[BlackElo "2425"]
[PlyCount "62"]

1. e4 e6 2. d4 d5 3. Nc3 Nf6 4. Bg5 Be7 5. e5 Nfd7 6. Bxe7 Qxe7 7. f4 O-O 8.
Nf3 c5 9. Qd2 Nc6 10. dxc5 Qxc5 11. Bd3 f6 12. exf6 Nxf6 13. O-O-O Rb8 14. Kb1
b5 15. Qe1 b4 16. Ne2 a5 17. Ned4 Nxd4 18. Nxd4 Rb6 19. Qh4 a4 20. g4 a3 21.
Nf3 axb2 22. g5 Ne4 23. Bxe4 dxe4 24. g6 h6 25. Ne5 Ra6 26. Rd8 Qa5 27. Rxf8+
Kxf8 28. a4 bxa3 29. Ka2 Qd5+ 30. c4 b1=Q+ 31. Rxb1 Qd2+ 0-1

[Event "Superettan(Orgryte-Rockaden,Umea)"]
[Site "?"]
[Date "2007.10.21"]
[Round "2"]
[White "Frisk Kockum, Anton"]
[Black "Engman, Rickard"]
[Result "1-0"]
[WhiteElo "2325"]
[BlackElo "2264"]
[PlyCount "111"]

1. d4 Nf6 2. Nf3 e6 3. c4 b6 4. g3 Ba6 5. Qc2 Bb7 6. Bg2 c5 7. d5 exd5 8. cxd5
Nxd5 9. Qb3 Qc7 10. Ng5 c4 11. Qf3 Bb4+ 12. Bd2 Bxd2+ 13. Nxd2 f6 14. Qe4+ Kf8
15. Qxc4 Qxc4 16. Nxc4 Bc6 17. Nf3 Na6 18. O-O Nc5 19. Nd4 Ne6 20. Rad1 g6 21.
Nxc6 dxc6 22. Bxd5 cxd5 23. Rxd5 Rc8 24. Ne3 Ke7 25. Rfd1 Rhd8 26. Kg2 Rxd5 27.
Nxd5+ Kf7 28. Nc3 Ke7 29. e4 Rc5 30. f4 Nc7 31. Kf3 b5 32. a3 a6 33. Ke3 h5 34.
h4 Rc6 35. Kf3 Rc5 36. Rd2 Rc6 37. g4 hxg4+ 38. Kxg4 Rc4 39. h5 gxh5+ 40. Kxh5
a5 41. f5 Kf7 42. Rd7+ Ke8 43. Rh7 b4 44. axb4 axb4 45. Nd5 Nxd5 46. exd5 Rd4
47. Kg6 Rxd5 48. Rb7 Rd6 49. Rxb4 Ra6 50. Rb7 Kd8 51. Kf7 Kc8 52. Rb3 Kd8 53.
Rd3+ Kc8 54. Ke7 Rb6 55. Rc3+ Kb8 56. b4 1-0

[Event "Superettan(Orgryte-Rockaden,Umea)"]
[Site "?"]
[Date "2007.10.21"]
[Round "2"]
[White "Lindgren, Fredrik"]
[Black "Ostberg, Peter"]
[Result "1-0"]
[WhiteElo "2279"]
[BlackElo "2242"]
[PlyCount "109"]

1. e4 e5 2. Nf3 Nc6 3. Bb5 a6 4. Ba4 Nf6 5. d4 exd4 6. O-O Be7 7. e5 Ne4 8.
Nxd4 Nc5 9. Nf5 Bf8 10. Qg4 Ne6 11. Re1 g6 12. Nh6 Bg7 13. Bb3 Nxe5 14. Qg3 d6
15. Nc3 c6 16. Bf4 Qf6 17. Bxe5 dxe5 18. Ng4 Qf4 19. Nxe5 Qxg3 20. hxg3 O-O 21.
Na4 Re8 22. Nb6 Rb8 23. Rad1 Ng5 24. Nxf7 Rxe1+ 25. Rxe1 Nxf7 26. Re7 Bf5 27.
Rxf7 Kh8 28. Nd7 Rd8 29. Nf6 Rd1+ 30. Kh2 Rd2 31. Ne8 Rd7 32. Rxd7 Bxd7 33.
Nxg7 Kxg7 34. f3 Kf6 35. g4 g5 36. Kg3 Ke5 37. Kf2 b5 38. Ke3 c5 39. c3 a5 40.
Bc2 h6 41. a3 a4 42. Bd3 Kd5 43. g3 Ke5 44. Bb1 Bc6 45. Bg6 Kf6 46. Be4 Bd7 47.
Ba8 Ke5 48. Bb7 Be8 49. Ba6 Bc6 50. c4 b4 51. Bb5 Bxb5 52. cxb5 Kd5 53. f4 c4
54. Kd2 c3+ 55. Kc2 1-0

[Event "Superettan(Orgryte-Rockaden,Umea)"]
[Site "?"]
[Date "2007.10.21"]
[Round "2"]
[White "Arnelind, Mikael"]
[Black "Nygren, David"]
[Result "1-0"]
[WhiteElo "2169"]
[BlackElo "2288"]
[PlyCount "91"]

1. d4 Nf6 2. c4 e6 3. Nc3 Bb4 4. e3 b6 5. Nge2 Ne4 6. Qc2 Bb7 7. a3 Bxc3+ 8.
Nxc3 f5 9. Nxe4 Bxe4 10. Qd2 Bb7 11. b4 d6 12. Bb2 Nd7 13. f3 O-O 14. Bd3 Qh4+
15. Qf2 Qh5 16. O-O Rf6 17. Be2 Rh6 18. g3 g5 19. d5 exd5 20. cxd5 Re8 21. e4
f4 22. g4 Qf7 23. Bb5 Rh4 24. Rac1 a6 25. Bxd7 Qxd7 26. Qd4 Re5 27. Qc4 Re7 28.
Qc3 Re5 29. Qxc7 Re7 30. Qxd7 Rxd7 31. Bd4 h5 32. gxh5 Rxh5 33. Bxb6 Rdh7 34.
Rf2 g4 35. fxg4 Rh4 36. Rc7 Rxg4+ 37. Rg2 Rxg2+ 38. Kxg2 Rf7 39. Kf3 Kg7 40.
Rxf7+ Kxf7 41. Kxf4 Bc8 42. Bc7 Ke7 43. h4 Bd7 44. Kg5 Ba4 45. h5 Bc2 46. Kf5
1-0

[Event "Superettan(Orgryte-Rockaden,Umea)"]
[Site "?"]
[Date "2007.10.21"]
[Round "2"]
[White "Hammar, Ulf"]
[Black "Eksmyr, Johan"]
[Result "0-1"]
[WhiteElo "2152"]
[BlackElo "2199"]
[PlyCount "80"]

1. d4 Nf6 2. Bg5 e6 3. e4 h6 4. Bxf6 Qxf6 5. c3 d6 6. Bd3 b6 7. Ne2 Bb7 8. O-O
Nd7 9. Nd2 g6 10. f4 Qe7 11. Qa4 a6 12. f5 gxf5 13. Nf4 fxe4 14. Nxe4 Rg8 15.
Rae1 d5 16. Ng3 Bg7 17. Nf5 Qg5 18. Re3 O-O-O 19. Rg3 exf5 20. Rxg5 hxg5 21.
Nh5 f4 22. Nxg7 Rxg7 23. Bxa6 Nf6 24. Be2 Re8 25. Qc2 Ne4 26. a4 f5 27. Bd3 Rh8
28. h3 g4 29. Rxf4 gxh3 30. Bxe4 dxe4 31. Rf2 f4 32. d5 Bxd5 33. c4 Bc6 34. Qc3
h2+ 35. Kh1 e3 36. Qxg7 exf2 37. Qxh8+ Kb7 38. Kxh2 f1=Q 39. Qh3 Qf2 40. Kh1 f3
0-1

[Event "Superettan(Orgryte-Rockaden,Umea)"]
[Site "?"]
[Date "2007.10.21"]
[Round "2"]
[White "Forsberg, Jan-Olof"]
[Black "Larsson, Johan"]
[Result "0-1"]
[WhiteElo "2124"]
[BlackElo "2138"]
[PlyCount "64"]

1. d4 Nf6 2. c4 g6 3. Nc3 Bg7 4. e4 d6 5. Nf3 O-O 6. Be2 e5 7. O-O Nc6 8. d5
Ne7 9. b4 Nh5 10. Re1 f5 11. Ng5 Nf6 12. Bf3 c6 13. b5 cxd5 14. cxd5 h6 15. Ne6
Bxe6 16. dxe6 Rc8 17. Bb2 fxe4 18. Nxe4 Nxe4 19. Rxe4 d5 20. Rxe5 Bxe5 21. Bxe5
Qb6 22. Bb2 Kh7 23. Qe2 Rc4 24. Rf1 Rcf4 25. Qe5 d4 26. Be4 R4f6 27. Bd5 Nxd5
28. Qxd5 Qxe6 29. Qxd4 R6f7 30. Qxa7 b6 31. Qa4 Rxf2 32. Qa7+ R2f7 0-1

[Event "Superettan(Orgryte-Rockaden,Umea)"]
[Site "?"]
[Date "2007.10.21"]
[Round "2"]
[White "Hammarstrom, Ulf"]
[Black "Ronneland, Daniel"]
[Result "1/2-1/2"]
[WhiteElo "2103"]
[BlackElo "2118"]
[PlyCount "89"]
[EventDate "2007.??.??"]

1. d4 d5 2. Nf3 Nf6 3. c4 c6 4. Nc3 dxc4 5. a4 Bf5 6. Nh4 e6 7. Nxf5 exf5 8. e3
Bb4 9. Bxc4 O-O 10. O-O Nbd7 11. Qc2 g6 12. b3 a6 13. Bb2 Bd6 14. f3 b5 15. Bd3
Qc7 16. g3 Rae8 17. Qf2 b4 18. Ne2 Nb6 19. Nf4 Bxf4 20. exf4 a5 21. Rfe1 Nbd5
22. Rxe8 Rxe8 23. Re1 Qd6 24. Rxe8+ Nxe8 25. Qe1 Nec7 26. Qe5 Qxe5 27. dxe5 Nc3
28. Kf1 N7d5 29. Ke1 Kf8 30. Kd2 Ke7 31. Bxc3 Nxc3 32. Bc4 Nb1+ 33. Ke3 c5 34.
Kd3 Na3 35. Bd5 Ke8 36. Bc6+ Kd8 37. Bd5 Ke7 38. g4 h5 39. gxf5 gxf5 40. Bc4 h4
41. Bd5 Kf8 42. Bc4 Ke7 43. Ba6 Kd8 44. Bc4 Ke7 45. Bd5 1/2-1/2

[Event "Superettan(Orgryte-Rockaden,Umea)"]
[Site "?"]
[Date "2007.10.21"]
[Round "2"]
[White "Tibell, Ingemar"]
[Black "Mardell, Jimmy"]
[Result "1-0"]
[WhiteElo "2011"]
[BlackElo "2129"]
[PlyCount "77"]

1. e4 e6 2. d4 d5 3. Nc3 Nf6 4. Bg5 Be7 5. e5 Nfd7 6. Bxe7 Qxe7 7. Nb5 Na6 8.
c3 O-O 9. Nf3 c5 10. Bd3 f6 11. Qe2 cxd4 12. Nbxd4 Nac5 13. Bc2 b6 14. b4 fxe5
15. Nxe5 Nxe5 16. Qxe5 Nd7 17. Qe3 Qf6 18. O-O Ne5 19. f4 Nc4 20. Qd3 g6 21.
Rae1 Bd7 22. g3 a5 23. b5 a4 24. Qd1 Ra5 25. Qe2 Re8 26. Bd3 Bxb5 27. Nxb5 Rxb5
28. Bxc4 dxc4 29. Qxc4 Rb2 30. Re5 Qd8 31. Rxe6 Rxe6 32. Qxe6+ Kg7 33. Re1 h5
34. Qe5+ Qf6 35. Qc7+ Kh6 36. Re7 Qh8 37. f5 Qf6 38. Rh7+ Kg5 39. Qf4# 1-0

[Event "Superettan(Vastervik-Eksjo)"]
[Site "?"]
[Date "2007.11.17"]
[Round "3"]
[White "Ornstein, Axel"]
[Black "Ask, Josef"]
[Result "1-0"]
[WhiteElo "2440"]
[BlackElo "2272"]
[PlyCount "93"]
[EventDate "2007.??.??"]
[SourceDate "2007.12.16"]

1. d4 d5 2. c4 c6 3. Nf3 Nf6 4. Qc2 g6 5. Bf4 Bg7 6. e3 O-O 7. Nc3 Qa5 8. Bd3
Na6 9. O-O Nb4 10. Qd2 Nxd3 11. Qxd3 Bf5 12. Qe2 Bg4 13. Be5 Ne4 14. Bxg7 Kxg7
15. cxd5 Bxf3 16. gxf3 Nxc3 17. bxc3 cxd5 18. Rab1 b6 19. Rb5 Qxc3 20. Rxd5
Rfd8 21. Rxd8 Rxd8 22. Rd1 e6 23. Qd2 Qc6 24. e4 Qa4 25. Kg2 Rd7 26. h4 h5 27.
f4 Qc4 28. Qb2 Kg8 29. a3 Qa4 30. Rd2 Qc4 31. Qb4 Qc7 32. Kf3 Qc1 33. Kg2 Qc7
34. Qb5 Rd8 35. Qg5 Rd7 36. d5 Qc4 37. Qe5 Kh7 38. d6 f6 39. Qd4 Qc6 40. Kh2
Kg7 41. e5 Kf7 42. Rd3 f5 43. Rc3 Qb5 44. Qe3 Qa4 45. Qg3 Qa6 46. Qg5 Kg7 47.
Rg3 1-0

[Event "Superettan(Vastervik-Eksjo)"]
[Site "?"]
[Date "2007.11.17"]
[Round "3"]
[White "Sternlund, Hakan"]
[Black "Vernersson, Per"]
[Result "1/2-1/2"]
[WhiteElo "2224"]
[BlackElo "2472"]
[PlyCount "97"]

1. e4 c6 2. c4 d5 3. exd5 Nf6 4. Nc3 cxd5 5. cxd5 Nxd5 6. Nf3 e6 7. Bc4 Nc6 8.
d4 Bb4 9. Bd2 O-O 10. a3 Be7 11. Nxd5 exd5 12. Be2 Bf6 13. Bc3 Re8 14. O-O Bg4
15. Re1 Bxf3 16. Bxf3 Rxe1+ 17. Qxe1 Nxd4 18. Bxd4 Bxd4 19. Qd2 Qf6 20. Rd1
Bxb2 21. Qxd5 Rb8 22. Qc5 b6 23. Qc7 Be5 24. Qxa7 g6 25. Qa4 Bd6 26. Qb3 Re8
27. g3 Bc5 28. Kg2 Re7 29. a4 Kg7 30. Rd2 Bd4 31. Qd3 Rd7 32. Qb5 Re7 33. Qd5
Bc3 34. Re2 Rc7 35. Rc2 Qe5 36. Qe4 Qf6 37. Qd3 Rc5 38. Be4 Bd4 39. Rd2 Bc3 40.
Rc2 Qe5 41. Re2 Qc7 42. Rc2 Qe5 43. Bf3 h5 44. h4 Rc7 45. Re2 Qd4 46. Qxd4+
Bxd4 47. Ra2 Kf6 48. Be2 Bc3 49. Bb5 1/2-1/2

[Event "Superettan(Vastervik-Eksjo)"]
[Site "?"]
[Date "2007.11.17"]
[Round "3"]
[White "Rothen, Hakan"]
[Black "Nilsson, Victor"]
[Result "1-0"]
[WhiteElo "2318"]
[BlackElo "2170"]
[PlyCount "79"]
[EventDate "2007.??.??"]

1. Nf3 Nf6 2. b3 e6 3. Bb2 c5 4. g3 b6 5. Bg2 Bb7 6. O-O Be7 7. c4 O-O 8. d4
cxd4 9. Nxd4 Bxg2 10. Kxg2 d5 11. Nd2 Qd7 12. Rc1 Nc6 13. N2f3 Rac8 14. cxd5
Nxd4 15. Qxd4 Qxd5 16. Qxd5 Nxd5 17. Ne5 Bf6 18. a3 b5 19. Kf3 a5 20. e3 a4 21.
Bd4 axb3 22. Rb1 Be7 23. Rxb3 f6 24. Nd3 e5 25. Bb2 Rc4 26. e4 Nc7 27. Ke3 Ra8
28. Rd1 Kf7 29. Bxe5 fxe5 30. Nxe5+ Ke6 31. Nxc4 bxc4 32. Rb6+ Kf7 33. Rb7
Rxa3+ 34. Ke2 Ra2+ 35. Kf3 Ne6 36. Rdd7 c3 37. Rxe7+ Kf6 38. e5+ Kf5 39. g4+
Kxe5 40. Rb6 1-0

[Event "Superettan(Vastervik-Eksjo)"]
[Site "?"]
[Date "2007.11.17"]
[Round "3"]
[White "Karlsson, Jorgen"]
[Black "Thornert, Hakan"]
[Result "1-0"]
[WhiteElo "2178"]
[BlackElo "2257"]
[PlyCount "163"]

1. Nf3 Nf6 2. c4 g6 3. g3 Bg7 4. Bg2 O-O 5. Nc3 d5 6. cxd5 Nxd5 7. O-O e5 8.
Nxd5 Qxd5 9. d3 Nc6 10. Be3 Qd8 11. Rc1 Re8 12. Ng5 Nd4 13. h4 h6 14. Nf3 c6
15. Qd2 Bg4 16. Rfe1 Bxf3 17. exf3 Qf6 18. Bxd4 exd4 19. f4 h5 20. Qb4 Rxe1+
21. Rxe1 Rb8 22. Qc5 Bf8 23. Qxa7 Qd6 24. Qb6 Qb4 25. Qxb4 Bxb4 26. Re4 Rd8 27.
f5 Bf8 28. fxg6 fxg6 29. Re5 Kf7 30. Be4 Bg7 31. Ra5 Re8 32. f4 Bf6 33. Ra7 Re7
34. b4 Rc7 35. Kg2 Be7 36. a3 Bd6 37. Kf3 Kf6 38. Ra5 c5 39. Rb5 c4 40. dxc4
Rxc4 41. Bd3 Rc3 42. Ke4 Rxa3 43. Kxd4 Rb3 44. Kc4 Rb2 45. Kc3 Ra2 46. Rg5 Ra3+
47. Kc4 Bxb4 48. Rxg6+ Kf7 49. Rg5 Be1 50. Rf5+ Kg7 51. Rxh5 Bf2 52. Rg5+ Kf6
53. h5 b5+ 54. Rxb5 Bxg3 55. Rb6+ Ke7 56. f5 Bh4 57. h6 Ra8 58. Kd5 Rd8+ 59.
Ke4 Rd6 60. Rb7+ Rd7 61. Rb3 Bf6 62. Bc2 Rd4+ 63. Kf3 Bg5 64. h7 Bf6 65. Rb6
Rd6 66. Rb5 Rd7 67. Bb3 Rd3+ 68. Ke4 Rd4+ 69. Ke3 Rd8 70. Be6 Bh8 71. Bd5 Bf6
72. Ke4 Rd7 73. Rb1 Rd8 74. Rg1 Bh8 75. Rg6 Bf6 76. Bg8 Rd4+ 77. Ke3 Bh8 78.
f6+ Bxf6 79. Rxf6 Rh4 80. Rf5 Rh3+ 81. Kf4 Rh2 82. Kg5 1-0

[Event "Superettan(Vastervik-Eksjo)"]
[Site "?"]
[Date "2007.11.17"]
[Round "3"]
[White "de Verdier, Michael"]
[Black "Elenius, Erik"]
[Result "1/2-1/2"]
[WhiteElo "2222"]
[BlackElo "2167"]
[PlyCount "38"]

1. Nf3 Nf6 2. c4 g6 3. Nc3 Bg7 4. e4 d6 5. d4 O-O 6. Be2 c5 7. O-O Bg4 8. d5
Na6 9. Be3 Nc7 10. Rc1 Rb8 11. Nd2 Bxe2 12. Qxe2 a6 13. e5 Nd7 14. exd6 exd6
15. Nde4 f5 16. Bg5 Nf6 17. Nxf6+ Bxf6 18. Bxf6 Qxf6 19. Rfe1 Rbe8 1/2-1/2

[Event "Superettan(Vastervik-Eksjo)"]
[Site "?"]
[Date "2007.11.17"]
[Round "3"]
[White "Andersson, Johan"]
[Black "Broddefalk, Arvid"]
[Result "1-0"]
[WhiteElo "2107"]
[BlackElo "1996"]
[PlyCount "80"]
[EventDate "2007.??.??"]

1. e4 c6 2. c4 d5 3. cxd5 cxd5 4. exd5 Nf6 5. Qa4+ Nbd7 6. Nc3 g6 7. g4 h6 8.
Bg2 Bg7 9. h3 O-O 10. Nge2 a6 11. d4 Nb6 12. Qb3 e6 13. dxe6 Bxe6 14. Qd1 Nbd5
15. O-O Qd7 16. Be3 h5 17. g5 Nxc3 18. Nxc3 Nd5 19. Qf3 Nxc3 20. bxc3 Rac8 21.
Bd2 b5 22. Rfe1 Rc4 23. Re3 Rd8 24. Qe2 Kh7 25. Be4 Kg8 26. Bg2 Qc8 27. d5 Bf5
28. Re1 Kh7 29. Re8 Rxe8 30. Qxe8 Qxe8 31. Rxe8 Bxc3 32. Be3 Bd4 33. d6 Bxe3
34. fxe3 Rc1+ 35. Kf2 Rd1 36. Re7 Kg7 37. e4 Be6 38. e5 Rd2+ 39. Kg3 a5 40. Ra7
a4 1-0

[Event "Superettan(Vastervik-Eksjo)"]
[Site "?"]
[Date "2007.11.17"]
[Round "3"]
[White "Harren, Mats"]
[Black "Akvist, Hakan"]
[Result "1-0"]
[WhiteElo "2078"]
[BlackElo "2116"]
[PlyCount "61"]

1. e4 e6 2. b3 b6 3. Bb2 Bb7 4. Nc3 Nf6 5. e5 Nd5 6. Nxd5 Bxd5 7. Qg4 d6 8. Nf3
Nd7 9. d4 h5 10. Qf4 Be7 11. h4 dxe5 12. Nxe5 Nxe5 13. dxe5 g5 14. Qa4+ c6 15.
Rd1 Qc7 16. hxg5 b5 17. Qd4 O-O-O 18. Qe3 Qa5+ 19. Bc3 Bb4 20. Bxb4 Qxb4+ 21.
c3 Qa3 22. Qe2 h4 23. Rh3 a5 24. Qc2 a4 25. c4 Qc5 26. Rc3 b4 27. Re3 h3 28.
gxh3 Rh7 29. Qe2 Bh1 30. Rxd8+ Kxd8 31. Qd2+ 1-0

[Event "Superettan(Rockaden II,Sthlm-Upsala II)"]
[Site "?"]
[Date "2007.11.17"]
[Round "3"]
[White "Cederberg, Karl Olof"]
[Black "Sandbom, Jonas"]
[Result "1-0"]
[WhiteElo "2216"]
[BlackElo "2217"]
[PlyCount "57"]
[EventDate "2007.??.??"]

1. e4 c5 2. Nf3 e6 3. c3 d5 4. e5 Qb6 5. d4 Bd7 6. Be2 Bb5 7. O-O Nc6 8. Bxb5
Qxb5 9. a4 Qb6 10. dxc5 Bxc5 11. b4 Be7 12. Na3 a6 13. Qe2 Qc7 14. Nc2 Rc8 15.
Bd2 h5 16. Ncd4 g6 17. b5 axb5 18. Qxb5 Kf8 19. Rab1 Na5 20. Ng5 Bxg5 21. Bxg5
Ne7 22. Bf6 Rh7 23. Qb4 Qc5 24. Qxc5 Rxc5 25. Nb3 Nxb3 26. Rxb3 Nc8 27. Rxb7
Rxc3 28. Rd7 Rc4 29. Rd8# 1-0

[Event "Superettan(Rockaden II,Sthlm-Upsala II)"]
[Site "?"]
[Date "2007.11.17"]
[Round "3"]
[White "Hanninger, Simon"]
[Black "Holm, Magnus"]
[Result "1-0"]
[WhiteElo "2188"]
[BlackElo "2238"]
[PlyCount "151"]
[EventDate "2007.??.??"]

1. e4 c5 2. Nc3 Nc6 3. g3 g6 4. Bg2 Bg7 5. d3 d6 6. f4 Nf6 7. Nf3 O-O 8. O-O
Bg4 9. h3 Bxf3 10. Qxf3 Nd7 11. g4 Rb8 12. Ne2 Nd4 13. Nxd4 cxd4 14. Bd2 Qb6
15. Rab1 Rfc8 16. Rfc1 Qa6 17. a3 Rc7 18. Bb4 Rbc8 19. Qd1 Nc5 20. Bf1 Qa4 21.
Bxc5 Rxc5 22. c4 Qxd1 23. Rxd1 e5 24. fxe5 Bxe5 25. Be2 Kg7 26. Rf1 Rf8 27. Rf3
Rc7 28. Kg2 Rh8 29. Rf2 Rb8 30. Bd1 Re7 31. Bb3 Rc8 32. Rbf1 Rc5 33. Ba2 g5 34.
b4 Rcc7 35. Rf5 f6 36. Rh1 Rc8 37. h4 h6 38. h5 Rec7 39. Rf2 Rc6 40. Bb3 R6c7
41. Rc2 b6 42. Rhc1 Bf4 43. Rb1 a5 44. bxa5 bxa5 45. Ba4 Re7 46. Rb5 Ra8 47.
Rd5 Be5 48. Rb2 Rc7 49. Rdb5 Bf4 50. Rb1 Be5 51. Rb6 Bf4 52. Bc6 Rac8 53. Bd5
Ra7 54. a4 Bd2 55. Rb7+ Rc7 56. Rb8 Bb4 57. Rf1 Rf7 58. Bxf7 Rxf7 59. Rf5 Ra7
60. Rbb5 Bc5 61. Rf1 Bb4 62. Rff5 Bc5 63. Kf3 Bb4 64. e5 fxe5 65. Ke4 Rc7 66.
Kd5 Re7 67. Ke4 Rc7 68. Rb8 Rd7 69. Re8 Bc5 70. Re6 Rb7 71. Rg6+ Kh7 72. Rff6
Rb1 73. Rxh6+ Kg8 74. Rhg6+ Kh7 75. Rf7+ Kh8 76. h6 1-0

[Event "Superettan(Rockaden II,Sthlm-Upsala II)"]
[Site "?"]
[Date "2007.11.17"]
[Round "3"]
[White "Brandberg, Joakim"]
[Black "Lissang, Christopher"]
[Result "0-1"]
[WhiteElo "2090"]
[BlackElo "2188"]
[PlyCount "68"]
[EventDate "2007.??.??"]

1. c4 Nf6 2. Nc3 e5 3. Nf3 Nc6 4. e4 Bc5 5. Nxe5 Nxe5 6. d4 Bb4 7. dxe5 Nxe4 8.
Qd4 f5 9. exf6 Nxf6 10. Be2 O-O 11. O-O d6 12. Bf3 c6 13. Bg5 Bf5 14. Rad1 Qb6
15. Qh4 Nd7 16. Be7 Rf7 17. Be4 Ne5 18. Bxf5 Rxf5 19. Qe4 g6 20. Na4 Qa6 21. a3
d5 22. cxd5 Bxe7 23. f4 Raf8 24. d6 Bd8 25. Nc5 Bb6 26. b4 Qc4 27. Qb1 Bxc5+
28. bxc5 Qxc5+ 29. Kh1 Nf7 30. d7 Qb5 31. Qe4 Rd5 32. Qe6 Kg7 33. f5 Rxf5 34.
Rfe1 Nd8 0-1

[Event "Superettan(Rockaden II,Sthlm-Upsala II)"]
[Site "?"]
[Date "2007.11.17"]
[Round "3"]
[White "Krzymowski, Alfred"]
[Black "Sittenfeld, Johan"]
[Result "1-0"]
[WhiteElo "2142"]
[BlackElo "2114"]
[PlyCount "61"]
[EventDate "2007.??.??"]

1. e4 c6 2. d4 d5 3. e5 c5 4. dxc5 e6 5. Be3 Nc6 6. Bb5 Nge7 7. c3 Bd7 8. Bxc6
Nxc6 9. Nf3 f6 10. exf6 Qxf6 11. Bd4 Qg6 12. O-O Be7 13. Qb3 O-O-O 14. a4 Rdf8
15. Nbd2 Rf5 16. Rfe1 Rhf8 17. Qd1 Bf6 18. b4 e5 19. b5 Nxd4 20. cxd4 e4 21. c6
Be6 22. g3 Rxf3 23. Nxf3 Bg4 24. Rc1 b6 25. Qb3 Qf5 26. Qa3 Rf7 27. a5 Bd8 28.
c7 Be7 29. Qa2 Bxf3 30. axb6 Qh3 31. Qa6+ 1-0